Reading and Speaking Russian /

Gardado en:
Detalles Bibliográficos
Autor Principal: Sdobnova, Y.a.
Outros autores: Badriyeva, L.s., Vishnyakova, T.a.
Formato: Sách giấy
Idioma:Russian
Publicado: Maxcơva : Tiếng Nga , 1980
Các nhãn: Engadir etiqueta
Sen Etiquetas, Sexa o primeiro en etiquetar este rexistro!
Thư viện lưu trữ: Thư viện Trường Đại học Đà Lạt
LEADER 00675nam a2200277 4500
001 DLU020015985
005 ##10/20/2000
020 # # |a 978- 
041 # # |a rus 
082 # # |a 491.78  |b SD-Y 
090 # # |a 491.78  |b SD-Y 
100 # # |a Sdobnova, Y.a. 
245 # # |a Reading and Speaking Russian /  |c Sdobnova Y.A., Badriyeva L.S., Vishnyakova T.A. 
260 # # |a Maxcơva :  |b Tiếng Nga ,  |c 1980 
300 # # |a 212 tr.;   |c 22 cm. 
700 # # |a Badriyeva, L.s. 
700 # # |a Vishnyakova, T.a. 
992 # # |a 1613 
994 # # |a DLU 
900 # # |a False 
911 # # |a Administrator 
925 # # |a G 
926 # # |a A 
927 # # |a SH 
980 # # |a Thư viện Trường Đại học Đà Lạt